| 000 | 02472nam a22003617a 4500 | ||
|---|---|---|---|
| 005 | 2010080505295.0 | ||
| 010 | _aENG-98409 B-431003-012 | ||
| 020 |
_a9788120333611 (part 1) _c175.00 |
||
| 035 | _aEN-81942 B-431003-012 | ||
| 037 | _bDBAD/PUB | ||
| 037 | _bAllied Pub/Ven | ||
| 082 | _a530 | ||
| 100 |
_aMehta, Neeraj _928500 |
||
| 245 |
_aTextbook of engineering physics / _cby Neeraj Mehta |
||
| 260 |
_aNew Delhi _bPHI Learning _c2008 |
||
| 270 |
_aM-97, Connaught Cricus _bNew Delhi _e110091 |
||
| 300 |
_a(Part 1) vii, 225 p. _b24cm (Pbk) |
||
| 500 | _aIncludes bibliographical references | ||
| 700 | _96809 | ||
| 942 |
_2ddc _cEN _h530 _mMEH |
||
| 999 |
_c39440 _d39440 |
||